| 000 | 01242 a2200313 4500 | ||
|---|---|---|---|
| 003 | OSt | ||
| 005 | 20180116192327.0 | ||
| 008 | 120215t xxu||||| |||| 00| 0 eng d | ||
| 010 | _a 2006031001 | ||
| 020 | _a9780300111118 (alk. paper) | ||
| 020 | _a0300111118 (alk. paper) | ||
| 035 | _a(OCoLC)ocm71632139 | ||
| 035 | _a(OCoLC)71632139 | ||
| 040 | _c0 | ||
| 082 | 0 | 0 | _a720.1 |
| 100 | 1 | _aEisenman, Peter, | |
| 245 | 1 | 0 |
_aWritten into the void : _bselected writings, 1990-2004 / _cPeter Eisenman ; with an introduction by Jeffrey Kipnis. |
| 260 |
_aNew Haven : _bYale University Press, _cc2007. |
||
| 300 |
_axxix, 177 p. : _bill. ; _c26 cm. |
||
| 600 | 1 | 0 |
_aEisenman, Peter, _d1932- _xAesthetics. |
| 650 | 0 | _aArchitecture. | |
| 650 | 0 | _aSymbolism in architecture | |
| 650 | 0 |
_aArchitecture _xPhilosophy |
|
| 856 | 4 | 1 |
_3Table of contents only _uhttp://www.loc.gov/catdir/toc/ecip071/2006031001.html |
| 856 | 4 | 1 |
_3Contributor biographical information _uhttp://www.loc.gov/catdir/enhancements/fy0743/2006031001-b.html |
| 856 | 4 | 1 |
_3Publisher description _uhttp://www.loc.gov/catdir/enhancements/fy0743/2006031001-d.html |
| 942 |
_aSADA _cBK _k720.1 ELS 2007 _2ddc |
||
| 999 |
_c352209 _d352209 |
||